Hỏi-đáp về quỹ " đền ơn đáp nghĩa "
Nội dung sách giải đáp những câu hỏi về chế độ chính sách, gia đình có công với cách mạng trong việc chăm lo đời sống của người có công thông qua Quỷ đền ơn dáp nghĩa.
Saved in:
| Corporate Author: | |
|---|---|
| Format: | Book |
| Language: | Undetermined |
| Published: |
Hà Nội
Lao Động - Xã Hội
2001
|
| Subjects: | |
| Tags: |
Add Tag
No Tags, Be the first to tag this record!
|
| Institutions: | Trung tâm Học liệu Trường Đại học Cần Thơ |
|---|
| LEADER | 00887nam a2200205Ia 4500 | ||
|---|---|---|---|
| 001 | CTU_44204 | ||
| 008 | 210402s9999 xx 000 0 und d | ||
| 082 | |a 353.5 | ||
| 082 | |b B450 | ||
| 110 | |a Bộ Lao đông - Thương binh xã hội | ||
| 245 | 0 | |a Hỏi-đáp về quỹ " đền ơn đáp nghĩa " | |
| 245 | 0 | |c Bộ Lao đông - Thương binh xã hội | |
| 260 | |a Hà Nội | ||
| 260 | |b Lao Động - Xã Hội | ||
| 260 | |c 2001 | ||
| 520 | |a Nội dung sách giải đáp những câu hỏi về chế độ chính sách, gia đình có công với cách mạng trong việc chăm lo đời sống của người có công thông qua Quỷ đền ơn dáp nghĩa. | ||
| 650 | |a Administrative law | ||
| 650 | |z Vietnam | ||
| 904 | |i QHieu | ||
| 980 | |a Trung tâm Học liệu Trường Đại học Cần Thơ | ||